| 000 | 004530000a22001810004500 | ||
|---|---|---|---|
| 003 | LK-CoMWRAF | ||
| 008 | 230817t ||||| |||| 00| 0 eng d | ||
| 020 | _a9556250069 | ||
| 040 |
_aLK-CoMWRAF _dLK-CoMWRAF _eLK-CoMWRAF |
||
| 041 | _aeng | ||
| 082 |
_a180 _bMER |
||
| 100 | _aMernisi, Fathima | ||
| 245 |
_aMuslim pennkalum Arasial thalaimaithuvamum _b |
||
| 260 |
_aColombo _bMWRAF _c1999 |
||
| 300 | _ap.48 | ||
| 650 | _awomen & Islam | ||
| 942 | _cBK | ||
| 999 |
_c3102 _d3102 |
||